01679nam a2200337 a 4500001001200000003000800012006001900020007001500039008004100054040002100095035002100116050002500137245022500162260005400387300001000441490003700451500017400488500007400662533015200736600005300888650002000941655002900961700002200990700006601012700002001078700002801098700005301126710001701179856012601196999001901322ebr10480941CaPaEBRm u cr cn|||||||||110715s2011 flu s 000 0 eng d aCaPaEBRcCaPaEBR a(OCoLC)76911454914aML40.L66bR63 2011eb00aRodelinda, queen of the Lombardsh[electronic resource] =bRodelinda, Regina de' Longobardi : opera in Italian in three acts : premiere, London, 1725 /cadapted from the Opera journeys lecture series by Burton D. Fisher. a[Boca Raton, Fla.] :bOpera Journeys Pub.,c2011. a15 p.0 aOpera journeys mini guide series a"Music by George Frederic Handel ; libretto, Antonio Salvi and Nicola Francesco Haym, after Pertharite, Roi des Lombards (1652), a play by Pierre Corneille (1606-1684)." a"Adapted from the Opera journeys lecture series by Burton D. Fisher." aElectronic reproduction.bPalo Alto, Calif. :cebrary,d2011.nAvailable via World Wide Web.nAccess may be limited to ebrary affiliated libraries.10aHandel, George Frideric,d1685-1759.tRodelinda. 0aOpera programs. 7aElectronic books.2local1 aFisher, Burton D.1 aCorneille, Pierre,d1606-1684.tPertharite, roy des Lombards.1 aSalvi, Antonio.1 aHaym, Nicola Francesco.1 aHandel, George Frideric,d1685-1759.tRodelinda.2 aebrary, Inc.40uhttp://site.ebrary.com/lib/rucke/Doc?id=10480941zAn electronic book accessible through the World Wide Web; click to view c118700d118700